| 000 | 00000nas 2200000zi 4500 |
| 001 | 9.929348 |
| 003 | CaOODSP |
| 005 | 20231212103902 |
| 006 | m o d f |
| 007 | cr ||||||||||| |
| 008 | 231211d20212021oncar p o f0###a0eng|d |
| 040 | |aCaOODSP|beng|erda|cCaOODSP |
| 043 | |an-cn--- |
| 086 | 1 |aPo12-4E-PDF |
| 110 | 2 |aCanada Post Corporation.|eauthor, |eissuing body. |
| 245 | 10|aCanada Post ... sustainability report, Task Force on Climate-related Financial Disclosures. |
| 246 | 30|aTask Force on Climate-related Financial Disclosures |
| 264 | 1|a[Ottawa] : |b[Canada Post = Postes Canada], |c[2021] |
| 310 | |aAnnual |
| 336 | |atext|btxt|2rdacontent |
| 337 | |acomputer|bc|2rdamedia |
| 338 | |aonline resource|bcr|2rdacarrier |
| 362 | 1 |aBegan with 2021; ceased with 2021. |
| 500 | |aIssued also in French under title: Rapport sur le développement durable 2021 de Postes Canada, Groupe de travail sur l’information financière relative aux changements climatiques. |
| 588 | |aDescription based on: 2021. |
| 588 | |aLatest issue consulted: 2021. |
| 610 | 20|aCanada Post Corporation|vPeriodicals. |
| 650 | 0|aClimatic changes|xEconomic aspects|zCanada|vPeriodicals. |
| 650 | 0|aSustainable development|zCanada|xFinance|vPeriodicals. |
| 655 | 7|aPeriodicals|2lcgft |
| 775 | 08|tRapport sur le développement durable ... de Postes Canada, Groupe de travail sur l’information financière relative aux changements climatiques.|w(CaOODSP)9.929349 |
| 785 | 00|t... Task Force on Climate-related Financial Disclosures / |w(CaOODSP)9.931314 |